• 首页
  • 本馆介绍
  • 公告通知
  • 最新文献
  • 馆藏检索
  • 电子资源
  • 读者导购
  • 参考咨询
  • 我的图书馆
  • 登录
  • 详细信息显示
  • 放入我的书架
  • 预约/预借图书
  • 作者相关作品
  • 分类相关作品
  • 丛书相关作品
  • 出版社相关作品

书目信息

  • 表格格式
  • 工作单格式
  • 卡片格式
题名:
石像,是有体温的
    
 
作者: 迟轲 , 陈儒斌 , 樊林 编著
分册:  
出版信息: 武汉   湖北美术出版社  2001.06
页数: 150页
开本: 32开
丛书名:
单 册:
中图分类: J305.5
科图分类:
主题词: 雕塑理论 , 石雕--览赏--西方国家
电子资源:
ISBN: 7-5394-1111-2
000 00792nam0 2200241 45
001 0210211624
005 20031219104058.7
010    @a7-5394-1111-2@dCNY28.00
100    @a20021021d2001 km y0chiy0120 ea
101 0  @achi
105    @aa z 000yy
200 1  @a石像,是有体温的@AShi Xiang,Shi You Ti Wen De@e西方雕塑和它的故事@EXi Fang Diao Su He Ta De Gu Shi@f迟轲,陈儒斌,樊林编著@FChi Ke,Chen Ru Bin,Fan Lin Bian Zhu
210    @a武汉@c湖北美术出版社@d2001.06
215    @a150页@c彩图@d32开
517 1  @a西方雕塑和它的故事@AXi Fang Diao Su He Ta De Gu Shi
606 0  @a雕塑理论
606 0  @a石雕@x览赏@y西方国家
690    @aJ305.5@v4
701    @a迟轲@4编著
701  0 @a陈儒斌@4编著
701  0 @a樊林@4编著
801    @aCN@bTSTC@c20021021
905    @b315842-844@dJ305.5@e12@f3
    
    石像,是有体温的:西方雕塑和它的故事/迟轲,陈儒斌,樊林编著.-武汉:湖北美术出版社,2001.06
    150页:彩图;32开
    
    
    ISBN 7-5394-1111-2:CNY28.00
    
●
相关链接 在E读中查询图书 在五车中查询图书 在当当中查询图书 在豆瓣中查询图书


正题名:石像,是有体温的     索取号:J305.5/12         预约/预借

序号 登录号 条形码 馆藏地/架位号 状态 备注
1 0315842   203158420   第一借阅区/ [索取号:J305.5/12] 在馆    
2 0315843   203158439   第一借阅区/ [索取号:J305.5/12] 在馆    
3 0315844   203158448   第一样本阅览室/ [索取号:J305.5/12] 在馆    
唐山师范学院图书馆 欢迎您!
大连网信软件有限公司© 版权所有